Online
Catalog

El psicólogo escolar. / (Record no. 36701)

MARC details
000 -CABECERA
campo de control de longitud fija 00686nam a2200205 a 4500
001 - NÚMERO DE CONTROL
campo de control 000037211
005 - FECHA Y HORA DE LA ÚLTIMA TRANSACCIÓN
campo de control 20200930080218.0
008 - DATOS DE LONGITUD FIJA--INFORMACIÓN GENERAL
campo de control de longitud fija 120305s1971 mx 000 0 spa d
040 ## - FUENTE DE LA CATALOGACIÓN
Centro catalogador/agencia de origen DO-SdBNP
Lengua de catalogación spa
Centro/agencia transcriptor BNPHU
082 ## - NÚMERO DE LA CLASIFICACIÓN DECIMAL DEWEY
Número de clasificación xxxx
Número de documento/Ítem E36p
100 1# - ENTRADA PRINCIPAL--NOMBRE DE PERSONA
Nombre de persona Eiserer, Paul E.
9 (RLIN) 63627
245 13 - MENCIÓN DE TÍTULO
Título El psicólogo escolar. /
Mención de responsabilidad, etc. Paul E. Eiserer ; traducción Lydia Chami.
260 ## - PUBLICACIÓN, DISTRIBUCIÓN, ETC.
Lugar de publicación, distribución, etc. México, :
Nombre del editor, distribuidor, etc. Centro regional de ayuda técnica,
Fecha de publicación, distribución, etc. 1971.
300 ## - DESCRIPCIÓN FÍSICA
Extensión 148 p. ;
Dimensiones 22 cm.
490 1# - MENCIÓN DE SERIE
Mención de serie Biblioteca de la nueva educación
504 ## - NOTA DE BIBLIOGRAFÍA, ETC.
Nota de bibliografía, etc. Bibliografía p: 139-140
500 ## - NOTA GENERAL
Nota general Incluye Glosario p: 141-146
700 1# - PUNTO DE ACCESO ADICIONAL--NOMBRE DE PERSONA
Nombre de persona Chami, Lydia
Término indicativo de función/relación trad.
9 (RLIN) 63628
830 #0 - PUNTO DE ACCESO ADICIONAL DE SERIE-TÍTULO UNIFORME
Título uniforme Biblioteca de la nueva educación
9 (RLIN) 48866
Holdings
Estado de retiro Estado de pérdida Restricciones de uso No para préstamo Código de colección Localización permanente Ubicación/localización actual Ubicación en estantería Fecha de adquisición Número de inventario Total de préstamos Signatura topográfica completa Código de barras Fecha visto por última vez Precio válido a partir de Tipo de ítem Koha
      Excluido de préstamo Monografías: Libros y Folletos General General En catalogación 05.03.2012 LF1   xxxx E36p 37211-10 25.06.2020 25.06.2020 No se presta

Powered by Koha